Questions non-Christians ask today. (Record no. 8672)

000 -LEADER
fixed length control field 00594nam a2200193 a 4500
001 - CONTROL NUMBER
control field :::00006448$&:&@@
003 - CONTROL NUMBER IDENTIFIER
control field OkBaRHE
005 - DATE AND TIME OF LATEST TRANSACTION
control field 20000607103331.0
008 - FIXED-LENGTH DATA ELEMENTS--GENERAL INFORMATION
fixed length control field s1986 j 000 0 eng u
020 ## - INTERNATIONAL STANDARD BOOK NUMBER
International Standard Book Number 0800752147 (pbk.)
040 ## - CATALOGING SOURCE
Transcribing agency
100 1# - MAIN ENTRY--PERSONAL NAME
Personal name Wood, Barry, 1940-
245 10 - TITLE STATEMENT
Title Questions non-Christians ask today.
260 ## - PUBLICATION, DISTRIBUTION, ETC. (IMPRINT)
Place of publication, distribution, etc Old Tappan, NJ., :
Name of publisher, distributor, etc Fleming H. Revell Co.
Date of publication, distribution, etc c1986
300 ## - PHYSICAL DESCRIPTION
Extent 192 p. ;
Dimensions 21 cm.
650 ## - SUBJECT ADDED ENTRY--TOPICAL TERM
Topical term or geographic name as entry element Apologetics
General subdivision 20th Century
942 ## - ADDED ENTRY ELEMENTS (KOHA)
Source of classification or shelving scheme
Koha item type Books
Copies
Copy number Permanent Location Date checked out Shelving location Damaged status Lost status Date last seen Not for loan Barcode Full call number Koha item type Source of classification or shelving scheme Date acquired Withdrawn status Price effective from Current Location Total Checkouts
1RHEMA Bible Training College2013-09-20General Stacks  2014-01-31 6448BT 1102 .W654Books 2010-04-14 2010-04-14RHEMA Bible Training College1